000 00507nam a22001937a 4500
999 _c3017
_d3017
003 OSt
005 20231218142813.0
008 230922b ||||| |||| 00| 0 eng d
020 _a9789672190141
040 _cKH8
082 _a400 OTH
100 _aSyahril Othman,
_eauthor.
245 _aMALAY IGCSE WORKBOOK A & BVOLUME 1 /
_cSYAHRIL OTHMAN.
250 _aSecond edition
260 _aMalaysia.
650 _aMalay Language
_vGrammar
650 _aMalay language
_vForeign language
942 _2ddc
_cTR